<?xml version="1.0" encoding="UTF-8"?><?xml-stylesheet type="text/xsl" href="static/style.xsl"?><OAI-PMH xmlns="http://www.openarchives.org/OAI/2.0/" xmlns:xsi="http://www.w3.org/2001/XMLSchema-instance" xsi:schemaLocation="http://www.openarchives.org/OAI/2.0/ http://www.openarchives.org/OAI/2.0/OAI-PMH.xsd"><responseDate>2026-04-17T06:03:01Z</responseDate><request verb="GetRecord" identifier="oai:www.recercat.cat:10256/15146" metadataPrefix="marc">https://recercat.cat/oai/request</request><GetRecord><record><header><identifier>oai:recercat.cat:10256/15146</identifier><datestamp>2024-06-18T12:30:52Z</datestamp><setSpec>com_2072_452955</setSpec><setSpec>com_2072_2054</setSpec><setSpec>col_2072_453072</setSpec></header><metadata><record xmlns="http://www.loc.gov/MARC21/slim" xmlns:dcterms="http://purl.org/dc/terms/" xmlns:xsi="http://www.w3.org/2001/XMLSchema-instance" xmlns:doc="http://www.lyncode.com/xoai" xsi:schemaLocation="http://www.loc.gov/MARC21/slim http://www.loc.gov/standards/marcxml/schema/MARC21slim.xsd">
   <leader>00925njm 22002777a 4500</leader>
   <datafield ind2=" " ind1=" " tag="042">
      <subfield code="a">dc</subfield>
   </datafield>
   <datafield ind2=" " ind1=" " tag="720">
      <subfield code="a">Malo Cerrato, Sara</subfield>
      <subfield code="e">author</subfield>
   </datafield>
   <datafield ind2=" " ind1=" " tag="720">
      <subfield code="a">Navarro, Dolors</subfield>
      <subfield code="e">author</subfield>
   </datafield>
   <datafield ind2=" " ind1=" " tag="720">
      <subfield code="a">Casas Aznar, Ferran</subfield>
      <subfield code="e">author</subfield>
   </datafield>
   <datafield ind2=" " ind1=" " tag="260">
      <subfield code="c">2012</subfield>
   </datafield>
   <datafield ind2=" " ind1=" " tag="520">
      <subfield code="a">This paper presents the results of a qualitative research that explores, from an&#xd;
intergenerational and gender perspective, how the use of audiovisual media&#xd;
influences to personal well-being in adolescence. Three, semi-structured group&#xd;
interviews were used with adolescent girls (aged 12 to 18 years), and two with&#xd;
mothers of boys and girls of those ages. The results show that interpersonal&#xd;
relationships are one of the factors that greatly contribute to the adolescents’ wellbeing.&#xd;
Girls said that the use of technology generates personal well-being because&#xd;
it allows them to maintain interpersonal relationships with their peers. The mothers,&#xd;
however, question whether overuse of technology can contribute to their personal&#xd;
well-being. On the other hand, girls and mothers agree to comment that the use of&#xd;
technology hinders the relationships that adolescents have with their parents</subfield>
   </datafield>
   <datafield ind2=" " ind1=" " tag="520">
      <subfield code="a">El presente artículo expone los resultados de una investigación cualitativa que&#xd;
explora, desde la perspectiva intergeneracional y de género, de qué forma el uso&#xd;
de los medios audiovisuales influye en el bienestar subjetivo en la adolescencia. Se&#xd;
han realizado tres entrevistas grupales semi-estructuradas con chicas adolescentes&#xd;
(de 12 a 18 años) y dos con madres de chicos y chicas de estas edades. Los&#xd;
resultados avalan una vez más que las relaciones interpersonales son uno de los&#xd;
factores que en mayor medida contribuye en el bienestar de los y las adolescentes.&#xd;
Las chicas manifiestan que el uso de las tecnologías audiovisuales contribuye a su&#xd;
bienestar subjetivo porque les posibilita mantener las relaciones interpersonales&#xd;
con sus iguales. Las madres, en cambio, ponen en duda que un uso excesivo de&#xd;
las tecnologías pueda contribuir al bienestar subjetivo. Por otra parte, chicas y&#xd;
madres coinciden en comentar que el uso de las tecnologías dificulta las relaciones&#xd;
de los adolescentes con sus progenitores</subfield>
   </datafield>
   <datafield ind1="8" ind2=" " tag="024">
      <subfield code="a">http://hdl.handle.net/10256/15146</subfield>
   </datafield>
   <datafield tag="653" ind2=" " ind1=" ">
      <subfield code="a">Audiovisuals</subfield>
   </datafield>
   <datafield tag="653" ind2=" " ind1=" ">
      <subfield code="a">Audio-visual materials</subfield>
   </datafield>
   <datafield tag="653" ind2=" " ind1=" ">
      <subfield code="a">Pares i fills</subfield>
   </datafield>
   <datafield tag="653" ind2=" " ind1=" ">
      <subfield code="a">Parent and child</subfield>
   </datafield>
   <datafield ind2="0" ind1="0" tag="245">
      <subfield code="a">El uso de los medios audiovisuales en la adolescencia y su relación con el bienestar subjetivo: análisis cualitativo desde la perspectiva intergeneracional y de género = The use of audiovisual media in adolescence and its relationship with subjective well-being: a qualitative analysis from an intergenerational and gender perspective</subfield>
   </datafield>
</record></metadata></record></GetRecord></OAI-PMH>